Hill Valley - Choix multiples - Statistiques

Statistiques générales
  • Ce quiz a été pris 22 fois
  • Le résultat moyen est 8 sur 10
Statistiques - réponses
Question Réponse % Correct
Quel moyen de déplacement futuriste, ressemblant à un skateboard volant est à la mode à Hill Valley en 2015 ? Le hoverboard
95%
Le même jour, à cause de quoi s'arrête l'horloge de la mairie à 22h04 ? Un orage
95%
Quel est le nom de l'institutrice qui a donné son nom à un ravin de la ville ? Clara Clayton
91%
Quelle célèbre saga se déroule à Hill Valley ? Retour vers le futur
91%
Dans quel État américain se situe la ville fictive de Hill Valley ? Californie
86%
Après des voyages dans le temps répétitifs, quel acteur porte le même nom que ce ravin ? Clint Eastwood
86%
Quelle chanson aurait été chantée pour la première fois à Hill Valley le 12 novembre 1955, en présence du cousin de celui qui rendra la chanson célèbre ? Johnny B. Goode
82%
Quel arbre a fait pousser le fermier Peabody, qui a donné son nom à un parking ? Un pin
82%
Quelle ville française donne son nom à un lotissement de la ville ? Lyon
73%
Dans quel film avec Jim Carrey peut-on voir la même place principale que celle de Hill Valley ? Bruce tout puissant
18%
Aucun quiz correspondant
Distribution des résultats
% des personnes avec chaque résultat
Percentile par nombre de réponses
Votre historique - résultats
Vous n’avez pas pris ce quiz